000 00280nam a2200109Ia 4500
008 200302s9999 xx 000 0 und d
100 _aLeslie Perlis
245 _aStained Glass Windows of Vision Collection Four
260 _bWardell Puplication
260 _c2001
300 _a79 P.,
999 _c1629
_d1629